000 02340nam0a2200349 4500
001 RU\NLR\BIBL_A\022307930
005 20260420013839.0
010 _a978-5-93179-774-8
_9500
021 _aRU
_bКН-П-24-041444
_9КН-П-24-4102
035 _a(NLR Aleph) 022307930
090 _a13663810
_c13663810
100 _a20240827d2023 u y0rusy50 ca
101 0 _arus
102 _aRU
105 _ay j 000yy
181 0 _ai4
_baxxe
182 0 _an
200 1 _aИстория социологии
_eучебное пособие
_eдля обучения бакалавров и магистров по направлениям подготовки 39.03.01 и 39.04.01 - "Социология" и аспирантов по группе научных специальностей 5.4 - "Социология"
_fАлексеёнок А. А., Каира Ю. В., Радченко С. В., Цуканов Я. А.
_gФедеральное государственное бюджетное образовательное учреждение высшего образования Среднерусский институт управления - филиал Российской академии народного хозяйства и государственной службы при Президенте Российской Федерации
203 _aТекст
_bвизуальный
_cнепосредственный
210 _aОрёл
_cИзд-во Среднерусского института управления - филиала РАНХиГС
_d2023
215 _a280 с.
_d20
320 _aБиблиогр. в конце разд.
606 1 _aСоциология
_jУчебные издания для высших учебных заведений
_xИстория
_91643079
_3RU\NLR\AUTH\66726790
686 1 _aС51(0)я73
701 1 _aАлексеёнок
_bА. А.
_cд-р социол. наук
_gАнна Алексеевна
_9164539
_3RU\NLR\AUTH\770164583
701 1 _aКаира
_bЮ. В.
_gЮрий Владимирович
701 1 _aРадченко
_bС. В.
_gСветлана Владимировна
701 1 _aЦуканов
_bЯ. А.
_gЯрослав Александрович
942 _cBOOK
980 _aNB